ბათუმის შოთა რუსთაველის სახელმწიფო უნივერსიტეტის ბიბლიოთეკა

ფულის მიმოქცევა და კრედიტი : (ბიბ.ჩანაწერი № 58542)

000 -ლიდერი
ფიქსირებული სიგრძის საკონტროლო ველი 01498nam a22002657a 4500
003 - საკონტროლო ნომრის იდენტიფიკატორი
საკონტროლო ველი Ge_BSU
005 - ბოლო ოპერაციის თარიღი და დრო
საკონტროლო ველი 20220531135654.0
008 - ფიქსირებული სიგრძის მონაცემთა ელემენტები - ზოგადი ინფორმაცია
ფიქსირებული სიგრძის საკონტროლო ველი 220531s2018 ge ||||| |||| 00| 0 geo d
020 ## - წიგნის საერთაშორისო სტანდარტული ნომერი
International Standard Book Number 9789941952869
041 ## - ენის კოდი
Language code of text/sound track or separate title geo
080 ## - უნივერსალური ათობითი კლასიფიკაციის ინდექსი
Universal Decimal Classification number 336.77(075.8) მ-86
100 ## - მთავარი ჩანაწერი - პიროვნების სახელი
Personal name მოსიაშვილი, ვალერი
9 (RLIN) 13903
245 ## - ცნობა სათაურის შესახებ
Title ფულის მიმოქცევა და კრედიტი :
Remainder of title [სახელმძღვანელო] /
Statement of responsibility, etc ვალერი მოსიაშვილი, ეთერი მამაცაშვილი, ნათია ახალკაცი ; რედაქტორები: გ. ცაავა, რ. ბურდიაშვილი.
264 ## - წარმოების, გამოცემის, დისტრიბუციის და სხვა ცნობები
გამოცემის, წარმოების, დისტრიბუციის... ადგილი თბილისი :
გამოცემის, წარმოების, დისტრიბუციის... სახელწოდება დანი,
გამოცემის, წარმოების, დისტრიბუციის... თარიღი 2018.
300 ## - ფიზიკური აღწერა
Extent 588 გვ. ;
Other physical details 20 სმ.
500 ## - ზოგადი შენიშვნა
General note თავფურცლის მე-2 გვერდი ინგლ. ენაზე, მე-3 გვერდი რუს. ენაზე
504 ## - BIBLIOGRAPHY, ETC. NOTE
Bibliography, etc ბიბლიოგრ.: გვ. 578-581
653 ## - INDEX TERM--UNCONTROLLED
Uncontrolled term ფულის მიმოქცევა
653 ## - INDEX TERM--UNCONTROLLED
Uncontrolled term კრედიტი
700 ## - ADDED ENTRY--PERSONAL NAME
Personal name მამაცაშვილი, ეთერი
Relator term ავტორი
9 (RLIN) 13906
700 ## - ADDED ENTRY--PERSONAL NAME
Personal name ახალკაცი, ნათია
Relator term ავტორი
9 (RLIN) 13907
700 ## - ADDED ENTRY--PERSONAL NAME
Personal name ცაავა, გ.
Relator term რედაქტორი
9 (RLIN) 13908
700 ## - ADDED ENTRY--PERSONAL NAME
Personal name ბურდიაშვილი, რ.
Relator term რედაქტორი
9 (RLIN) 13909
942 ## - ADDED ENTRY ELEMENTS (KOHA)
Source of classification or shelving scheme
Koha item type წიგნი
ეგზემპლარები
ჩამოწერის სტატუსი დაკარგული ეგზემპლარის სტატუსი კლასიფიკაციის წყარო ან თაროზე გაწყობის სქემა დაზიანების სტატუსი არ გაიცემა მუდმივი მდებარეობა (დაცვის ადგილი) ამჟამინდელი ადგილსამყოფელი თაროზე განთავსების ადგილი შეძენის თარიღი ღირებულება, შესყიდვის ნორმალური ფასი სრული შენახვის შიფრი შტრიხკოდი ბოლო ოპერაციის თარიღი ეგზემპლარის მიმდევრობითი ნომერი (კეტერი?) ფასის ძალაში შესვლის თარიღი ეგზემპლარის სახეობა საჯარო შენიშვნა
          ბათუმის შოთა რუსთაველის სახელმწიფო უნივერსიტეტის მთავარი ბიბლიოთეკა ბათუმის შოთა რუსთაველის სახელმწიფო უნივერსიტეტის მთავარი ბიბლიოთეკა წიგნსაცავი 2022-05-31 30.00 336.77(075.8) მ-86 62479 2022-05-31 62479 2022-05-31 წიგნი 30 ლ.
          ბათუმის შოთა რუსთაველის სახელმწიფო უნივერსიტეტის მთავარი ბიბლიოთეკა ბათუმის შოთა რუსთაველის სახელმწიფო უნივერსიტეტის მთავარი ბიბლიოთეკა წიგნსაცავი 2022-05-31 30.00 336.77(075.8) მ-86 62480 2022-05-31 62480 2022-05-31 წიგნი 30 ლ.
          ბათუმის შოთა რუსთაველის სახელმწიფო უნივერსიტეტის მთავარი ბიბლიოთეკა ბათუმის შოთა რუსთაველის სახელმწიფო უნივერსიტეტის მთავარი ბიბლიოთეკა წიგნსაცავი 2022-05-31 30.00 336.77(075.8) მ-86 62481 2022-05-31 62481 2022-05-31 წიგნი 30 ლ.
          ბათუმის შოთა რუსთაველის სახელმწიფო უნივერსიტეტის მთავარი ბიბლიოთეკა ბათუმის შოთა რუსთაველის სახელმწიფო უნივერსიტეტის მთავარი ბიბლიოთეკა წიგნსაცავი 2022-05-31 30.00 336.77(075.8) მ-86 62482 2022-05-31 62482 2022-05-31 წიგნი 30 ლ.